Cost-effective Quality Control : (Record no. 9134)

MARC details
000 -LEADER
fixed length control field 00860pam a2200253 a 4500
001 - CONTROL NUMBER
control field 4296111
003 - CONTROL NUMBER IDENTIFIER
control field OSt
005 - DATE AND TIME OF LATEST TRANSACTION
control field 20250922145153.0
008 - FIXED-LENGTH DATA ELEMENTS--GENERAL INFORMATION
fixed length control field 860326s1986 dcua b 001 0 eng c
010 ## - LIBRARY OF CONGRESS CONTROL NUMBER
LC control number 86007933
020 ## - INTERNATIONAL STANDARD BOOK NUMBER
International Standard Book Number 0915274353 (pbk.) :
Terms of availability $35.00
040 ## - CATALOGING SOURCE
Original cataloging agency DNLM/DLC
Transcribing agency DLC
Modifying agency DLC
060 ## - NATIONAL LIBRARY OF MEDICINE CALL NUMBER
Classification number QY 23 W528c
082 00 - DEWEY DECIMAL CLASSIFICATION NUMBER
Classification number 362.177 WES 1986
Edition number 19
100 1# - MAIN ENTRY--PERSONAL NAME
Personal name Westgard, James O.; Barry, Patricia L.; Royden N. Rand.
9 (RLIN) 18598
245 10 - TITLE STATEMENT
Title Cost-effective Quality Control :
Remainder of title managing the quality and productivity of analytical processes
260 ## - PUBLICATION, DISTRIBUTION, ETC. (IMPRINT)
Place of publication, distribution, etc. Washington, D.C.;
Name of publisher, distributor, etc. AACC Press,
Date of publication, distribution, etc. c1986.
300 ## - PHYSICAL DESCRIPTION
Extent x, 230 p. :
Other physical details ill. ;
Dimensions 23 cm.
504 ## - BIBLIOGRAPHY, ETC. NOTE
Bibliography, etc Includes bibliographies, & index.
650 #0 - SUBJECT ADDED ENTRY--TOPICAL TERM
Topical term or geographic name as entry element Pathological laboratories
9 (RLIN) 18599
650 #0 - SUBJECT ADDED ENTRY--TOPICAL TERM
Topical term or geographic name as entry element Quality control
9 (RLIN) 18600
906 ## - LOCAL DATA ELEMENT F, LDF (RLIN)
a 7
b cbc
c orignew
d 1
e ocip
f 19
g y-gencatlg
942 ## - ADDED ENTRY ELEMENTS (KOHA)
Source of classification or shelving scheme Dewey Decimal Classification
Koha item type Open Shelf
Holdings
Withdrawn status Lost status Source of classification or shelving scheme Damaged status Not for loan Home library Current library Date acquired Source of acquisition Inventory number Total Checkouts Full call number Barcode Date last seen Koha item type
    Dewey Decimal Classification     MUST Main Library MUST Main Library 10/07/2024 purchase 03/19200   362.177 WES 1986 2024-21891 10/07/2024 Open Shelf
    Dewey Decimal Classification     MUST Main Library MUST Main Library 16/07/2024 Purchase 03/19199   362.177 WES 1986 2024-21979 16/07/2024 Open Shelf